000 00300nam a22001217a 4500
008 170619b xxu||||| |||| 00| 0 eng d
041 _aeng
080 _a94
100 _a20
101 _aSHP
245 _aTHE ARAB BATH SOCIALIST PARTY HSITORY AND ORGANZATION
_cJABER.K.E.A
942 _2udc
_cBK
999 _c18086
_d18086